Assessment made incredibly easy! / (Record no. 339695)
[ view plain ]
| 000 -LEADER | |
|---|---|
| fixed length control field | 00835nam a2200289Ia 4500 |
| 008 - FIXED-LENGTH DATA ELEMENTS--GENERAL INFORMATION | |
| fixed length control field | 170711s9999 xx 000 0 und d |
| 020 ## - INTERNATIONAL STANDARD BOOK NUMBER | |
| International Standard Book Number | 1582553912 |
| 050 ## - LIBRARY OF CONGRESS CALL NUMBER | |
| Classification number | 616.07 |
| 050 ## - LIBRARY OF CONGRESS CALL NUMBER | |
| Item number | As846 2005 |
| 245 ## - TITLE STATEMENT | |
| Title | Assessment made incredibly easy! / |
| 245 ## - TITLE STATEMENT | |
| Statement of responsibility, etc | edited by Dave Beverage, Brenna H. Mayer, Liz Schaeffer and Gale Thompson. |
| 250 ## - EDITION STATEMENT | |
| Edition statement | Third edition |
| 260 ## - PUBLICATION, DISTRIBUTION, ETC. (IMPRINT) | |
| Place of publication, distribution, etc | Philippines : |
| 260 ## - PUBLICATION, DISTRIBUTION, ETC. (IMPRINT) | |
| Name of publisher, distributor, etc | Lippincott Williams, |
| 260 ## - PUBLICATION, DISTRIBUTION, ETC. (IMPRINT) | |
| Date of publication, distribution, etc | 2005 |
| 300 ## - PHYSICAL DESCRIPTION | |
| Extent | vi, 378 pages : |
| 300 ## - PHYSICAL DESCRIPTION | |
| Other physical details | illustrations ; |
| 300 ## - PHYSICAL DESCRIPTION | |
| Dimensions | 23cm. |
| 500 ## - GENERAL NOTE | |
| General note | Includes glossary, bibliographic reference and index. |
| 650 ## - SUBJECT ADDED ENTRY--TOPICAL TERM | |
| Topical term or geographic name as entry element | Nursing assessment -- |
| 650 ## - SUBJECT ADDED ENTRY--TOPICAL TERM | |
| Topical term or geographic name as entry element | Nursing assessment -- |
| 650 ## - SUBJECT ADDED ENTRY--TOPICAL TERM | |
| Topical term or geographic name as entry element | Physical examination -- |
| 650 ## - SUBJECT ADDED ENTRY--TOPICAL TERM | |
| General subdivision | Handbooks, manuals, etc. |
| 650 ## - SUBJECT ADDED ENTRY--TOPICAL TERM | |
| General subdivision | mathods. |
| 650 ## - SUBJECT ADDED ENTRY--TOPICAL TERM | |
| General subdivision | Methods. |
| 700 ## - ADDED ENTRY--PERSONAL NAME | |
| Personal name | Title. |
No items available.